| 000 | 00441nam a2200181Ia 4500 | ||
|---|---|---|---|
| 003 | GCL | ||
| 008 | 140319s9999 xx 000 0 eng d | ||
| 040 |
_aGCL / _cGCL |
||
| 082 | 0 | 4 |
_a370.71 _bW R |
| 100 | 1 | _aERIGHT, TONY | |
| 245 | 1 | 0 |
_aRALES OF TEACHERS AND LEARNERS / _cERIGHT, TONY |
| 260 |
_a[S.N] : _bELBS ، _c1987 |
||
| 300 | _a164 P | ||
| 650 | 0 | 4 | _aEDUCATION |
| 650 | 0 | 4 | _aTEACHER TRAINING |
| 650 | 0 | 4 | _aROLES |
| 942 |
_2ddc _cBK |
||
| 999 |
_c10773 _d10773 |
||